Poskytovanie podporných služieb Jadrovou elektrárňou Bohunice

Salvato in:
Dettagli Bibliografici
Autore principale: Petrek, Miroslav, 1977- (Autore)
Altri autori: Šagátová, Andrea, 1977- (Relatore della tesi)
Natura: Manoscritto Libro
Lingua:slovacco
Pubblicazione: Bratislava : STU v Bratislave FEI, 2013
Soggetti:
Accesso online:VAIS
Tags: Aggiungi Tag
Nessun Tag, puoi essere il primo ad aggiungerne!!

MARC

LEADER 00000ntm a22000003a 4500
001 stu270783
005 20150617230244.5
008 130711s2013----xo------------------slo-d
040 |a STU  |b slo 
041 0 |a slo 
044 |a xo 
100 1 |a Petrek, Miroslav,  |d 1977-  |4 aut  |u E  |T FEI Fakulta elektrotechniky a informatiky  |X 29498  |U E  |Y 30  |7 A000029498 
242 0 0 |a Subsidiary Services Assurance by Bohunice Nuclear Power Plant  |y eng 
245 1 |a Poskytovanie podporných služieb Jadrovou elektrárňou Bohunice 
260 |a Bratislava :  |b STU v Bratislave FEI,  |c 2013 
300 |a 53 s 
650 7 |a Elektroenergetika  |2 stusub 
650 7 |a Power Engineering  |2 estusub 
650 7 |a evaluation  |2 estusub 
650 7 |a certification  |2 estusub 
650 7 |a requirements  |2 estusub 
650 7 |a vyhodnotenie  |2 stusub 
650 7 |a certifikácia  |2 stusub 
650 7 |a požiadavky  |2 stusub 
650 7 |a podporné služby  |2 stusub 
700 1 |a Šagátová, Andrea,  |d 1977-  |4 ths  |u E060  |U FEI Fakulta elektrotechniky a informatiky  |T FEI Ústav jadrového a fyzikálneho inžinierstva  |X 2564  |U E060  |Y 817  |7 2564 
856 4 |a info a plný text  |u http://is.stuba.sk/zp/portal_zp.pl?podrobnosti=95418  |3 VAIS 
996 |b 284EP10440  |c E*DIPL-10440  |l EE36  |s P  |a 0  |w stu270783_0001